| 000 | 00750nam a22002177a 4500 | ||
|---|---|---|---|
| 999 |
_c7999 _d7999 |
||
| 003 | AR-CdUCM | ||
| 008 | 190322b ||||| |||| 00| 0 spa d | ||
| 040 |
_aMUNICIPALIDAD PROVINCIAL DEL CUSCO _cBIBLIOTECA MUNICIPAL DEL CUSCO |
||
| 082 |
_a603 / _bC95 |
||
| 110 |
_aLexus Editores _918613 |
||
| 245 | _aAtlas del Cuerpo Humano / | ||
| 260 |
_aMontevideo : _bArquetipo Grupo, _c2003. |
||
| 300 |
_a64 páginas ; _bilustraciones a color _c38 cm. |
||
| 505 | _aContenido: El esqueleto -- Los músculos -- Los sistemas -- Los sentidos. | ||
| 650 |
_aAnatomía _922588 |
||
| 650 |
_aCuerpo humano _918643 |
||
| 650 |
_aDiferentes Sistemas _922596 |
||
| 710 |
_aEdiciones del Tercer Milenio (colaborador) _922597 |
||
| 942 |
_2ddc _cLIBROS |
||
| 945 | _aachl | ||